| 000 | 00000nam##2200000za#4500 |
| 001 | 9.574899 |
| 003 | CaOODSP |
| 005 | 20210624184415 |
| 007 | cr ||||||||||| |
| 008 | 150406|2005||||xxc|||||o f|0| 0 eng|d |
| 022 | |a1707-4495 |
| 040 | |aCaOODSP|beng |
| 043 | |an-cn--- |
| 086 | 1 |aFs76-2/2004-005E-PDF |
| 110 | 1 |aCanada. |bDepartment of Fisheries and Oceans. |
| 245 | 10|a2003 state of the ocean : |h[electronic resource]|bchemical and biological oceanographic conditions in the Gulf of Maine-Bay of Fundy, Scotian Shelf and the southern Gulf of St. Lawrence |
| 260 | |aSt. John's - Newfoundland and Labrador : |bFisheries and Oceans Canada |cJanuary 2005. |
| 300 | |a12p.|bfigs., graphs, references |
| 490 | 1 |aEcosystem status report|x1707-4495|v2004/005, Maritimes and Gulf region |
| 590 | |a12-36-Supp|b2012-08-22 |
| 775 | 08|tConditions chimiques et biologiques de l'océan en 2003 : |w(CaOODSP)9.604613 |
| 830 | #0|aEcosystem status report,|x1707-4495|v2004/005, Maritimes and Gulf region|w(CaOODSP)9.506227 |
| 856 | 40|ahttp://publications.gc.ca|qPDF|s1477 KB|uhttps://publications.gc.ca/collections/collection_2012/mpo-dfo/Fs76-2-2004-005-eng.pdf|y2004/005, Maritimes and Gulf region |